[Event "Schleswig Holstein-ch Seniors op 11th"]
[Site "Buesum"]
[Date "2017.09.14"]
[Round "7"]
[White "Engel, Peter"]
[Black "Schuett, Guenter"]
[Result "0-1"]
[WhiteElo "1448"]
[BlackElo "1573"]
[PlyCount "78"]
[EventDate "2017.09.08"]
[EventType "swiss"]
[EventRounds "9"]
[EventCountry "GER"]
[SourceTitle "EXT 2019"]
[Source "ChessBase"]
[SourceDate "2018.10.10"]
[SourceVersion "1"]
[SourceVersionDate "2018.10.10"]
[SourceQuality "1"]

1. e4 c5 2. Nf3 Nc6 3. d4 cxd4 4. Nxd4 Nf6 5. Nc3 a6 6. Bg5 e6 7. Be2 Be7 8. a3 0-0 9. Qd2 Qb6 10. Nb3 h6 11. Na4 Qc7 12. Bf4 e5 13. Be3 Nxe4 14. Qd3 Nf6 15. 0-0-0 d6 16. h3 Be6 17. g4 Nd5 18. Qe4 Nxe3 19. Kb1 Nxd1 20. Bd3 g6 21. Rxd1 f5 22. Qg2 e4 23. gxf5 Bxf5 24. Bc4+ Kh7 25. Qg3 b5 26. Bd5 bxa4 27. Nc5 Qb6 28. Nxe4 Rab8 29. b3 axb3 30. cxb3 Bxe4+ 31. Bxe4 Qxb3+ 32. Qxb3 Rxb3+ 33. Ka2 Rb6 34. f3 Rfb8 35. Rg1 Bf6 36. Bxg6+ Kh8 37. Rg2 Rb2+ 38. Rxb2 Rxb2+ 39. Ka1 Rg2+ 0-1

[Event "Schleswig Holstein-ch Seniors op 11th"]
[Site "Buesum"]
[Date "2017.09.11"]
[Round "4"]
[White "Engel, Peter"]
[Black "Kronseder, Michael"]
[Result "0-1"]
[WhiteElo "1448"]
[BlackElo "1724"]
[PlyCount "58"]
[EventDate "2017.09.08"]
[EventType "swiss"]
[EventRounds "9"]
[EventCountry "GER"]
[SourceTitle "EXT 2019"]
[Source "ChessBase"]
[SourceDate "2018.10.10"]
[SourceVersion "1"]
[SourceVersionDate "2018.10.10"]
[SourceQuality "1"]

1. e4 c5 2. Nf3 g6 3. d4 cxd4 4. Qxd4 Nf6 5. Nc3 Nc6 6. Qe3 Bg7 7. Bc4 a6 8. a3 b5 9. Ba2 Bb7 10. 0-0 0-0 11. Rd1 Na5 12. b3 Ng4 13. Qd3 Rc8 14. Bb2 Qc7 15. Nd5 Bxd5 16. Bxg7 Kxg7 17. Qxd5 Qxc2 18. Rd2 Qc3 19. Rad1 Nf6 20. Qd4 Nxb3 21. Bxb3 Qxb3 22. e5 Ng8 23. e6+ Nf6 24. exd7 Rcd8 25. g4 Qxf3 26. Rd3 Qxg4+ 27. Qxg4 Nxg4 28. h3 Ne5 29. Re3 Rxd7 0-1

[Event "Berlin Spring op-B"]
[Site "Berlin"]
[Date "2014.05.04"]
[Round "7"]
[White "Engel, Peter"]
[Black "Reiser, Ralf"]
[Result "0-1"]
[WhiteElo "1239"]
[BlackElo "1578"]
[PlyCount "58"]
[EventDate "2014.05.01"]
[EventType "swiss"]
[EventRounds "7"]
[EventCountry "GER"]
[SourceTitle "CBM 160 Extra"]
[Source "ChessBase"]
[SourceDate "2014.07.01"]
[SourceVersion "1"]
[SourceVersionDate "2014.07.01"]
[SourceQuality "1"]

1. e4 c5 2. Nf3 Nc6 3. d4 cxd4 4. Nxd4 e5 5. Nf3 Bc5 6. Be3 Bxe3 7. fxe3 Qb6 8. Nbd2 Qxe3+ 9. Be2 d6 10. Nc4 Qc5 11. Nxd6+ Ke7 12. Nc4 Be6 13. Nfd2 Rd8 14. c3 Bxc4 15. Bxc4 Rxd2 16. Qxd2 Qxc4 17. Rd1 Qxe4+ 18. Kf2 Qf5+ 19. Ke2 Qg4+ 20. Kf2 Qe6 21. Rhf1 Nf6 22. Qg5 h6 23. Qh4 g5 24. Qa4 Ng4+ 25. Kg1 Ne3 26. Qa3+ Ke8 27. Rd6 Qe7 28. Rff6 Nc4 29. Rxh6 Rxh6 0-1

[Event "Berlin Spring op-B"]
[Site "Berlin"]
[Date "2014.05.01"]
[Round "2"]
[White "Hommel, Niclas"]
[Black "Engel, Peter"]
[Result "1-0"]
[WhiteElo "1522"]
[BlackElo "1239"]
[PlyCount "93"]
[EventDate "2014.05.01"]
[EventType "swiss"]
[EventRounds "7"]
[EventCountry "GER"]
[SourceTitle "CBM 160 Extra"]
[Source "ChessBase"]
[SourceDate "2014.07.01"]
[SourceVersion "1"]
[SourceVersionDate "2014.07.01"]
[SourceQuality "1"]

1. e4 e5 2. Nf3 Nc6 3. Bb5 a6 4. Ba4 Nf6 5. 0-0 Be7 6. d3 b5 7. Bb3 0-0 8. c3 d5 9. exd5 Nxd5 10. Qe2 f6 11. Qe4 Be6 12. c4 f5 13. Qe2 Nf6 14. Nxe5 Nd4 15. Qe3 c5 16. Nc6 Qd7 17. Nxd4 cxd4 18. Qe2 Bc5 19. Nd2 b4 20. Nf3 Bf7 21. Bd2 a5 22. Rfe1 a4 23. Bc2 Bh5 24. Ne5 Qb7 25. Qf1 Rfe8 26. Bd1 Ng4 27. Nxg4 fxg4 28. h3 Qd7 29. Rxe8+ Rxe8 30. hxg4 Bxg4 31. f3 Bh5 32. Bc2 Re6 33. Re1 Rg6 34. Re5 Qh3 35. Rxc5 Bxf3 36. Rg5 Rxg5 37. Bxg5 Qg3 38. Qxf3 Qxg5 39. Qd5+ Qxd5 40. cxd5 a3 41. bxa3 bxa3 42. Kf2 Kf7 43. Kf3 Ke7 44. Ke4 Kd6 45. Kxd4 h5 46. Bd1 h4 47. Bf3 1-0

[Event "Mittelfranken-ch QT 55th"]
[Site "Postbauer"]
[Date "2006.04.15"]
[Round "7"]
[White "Margraf, Matthias"]
[Black "Engel, Peter"]
[Result "1-0"]
[WhiteElo "1513"]
[BlackElo "1283"]
[PlyCount "51"]
[EventDate "2006.04.12"]
[EventType "swiss"]
[EventRounds "7"]
[EventCountry "GER"]
[SourceTitle "EXT 2015"]
[Source "ChessBase"]
[SourceDate "2014.11.20"]
[SourceVersion "1"]
[SourceVersionDate "2014.11.20"]
[SourceQuality "1"]

1. e4 e5 2. Nf3 Nc6 3. Bb5 d6 4. d4 Bg4 5. d5 a6 6. Bxc6+ bxc6 7. dxc6 Nf6 8. Nc3 Be7 9. 0-0 0-0 10. Re1 Qe8 11. Nd5 Bd8 12. Bg5 Qxc6 13. Nxf6+ gxf6 14. Bh6 Re8 15. h3 Bh5 16. Qd3 f5 17. Kh2 Bf6 18. g4 fxe4 19. Qxe4 d5 20. Qe2 e4 21. gxh5 exf3 22. Qxf3 Qd6+ 23. Bf4 Be5 24. Qg3+ Kh8 25. Bxe5+ Rxe5 26. Qxe5+ 1-0

[Event "Mittelfranken-ch QT 55th"]
[Site "Postbauer"]
[Date "2006.04.12"]
[Round "2"]
[White "Rosmann, Armin"]
[Black "Engel, Peter"]
[Result "1-0"]
[WhiteElo "1548"]
[BlackElo "1283"]
[PlyCount "81"]
[EventDate "2006.04.12"]
[EventType "swiss"]
[EventRounds "7"]
[EventCountry "GER"]
[SourceTitle "EXT 2015"]
[Source "ChessBase"]
[SourceDate "2014.11.20"]
[SourceVersion "1"]
[SourceVersionDate "2014.11.20"]
[SourceQuality "1"]

1. e4 e5 2. Nf3 Nc6 3. c3 Nf6 4. d3 d6 5. Be2 Be7 6. Nh4 Nxe4 7. dxe4 Bxh4 8. 0-0 Be6 9. f4 exf4 10. Bxf4 0-0 11. Nd2 Qf6 12. Bxd6 Qg6 13. Bxf8 Bh3 14. Bf3 Ne5 15. Bxg7 Kxg7 16. Qe2 Bg4 17. Bxg4 Nxg4 18. Rf4 Qb6+ 19. Kh1 Nf2+ 20. Rxf2 Bxf2 21. Rf1 Bc5 22. b4 Be7 23. Qh5 f6 24. Rf3 Bd6 25. Qf5 Be5 26. Nc4 Qb5 27. Nxe5 Qxe5 28. Qd7+ Kf8 29. Qxh7 Rd8 30. Qh8+ Ke7 31. Qg7+ Ke6 32. Qg4+ Ke7 33. Rh3 Qg5 34. Rh7+ Kf8 35. h3 Qc1+ 36. Kh2 Qg5 37. Rh8+ Ke7 38. Rxd8 Qe5+ 39. Qg3 Qxg3+ 40. Kxg3 Kxd8 41. Kf4 1-0